Top 25 NBA Players 2023-24 season - Statistics

General Stats
  • This quiz has been taken 47 times
  • The average score is 17 of 25
Answer Stats
Rank Player EFF % Correct
7 LeBron James 29.9
97%
2 Luka Dončić 36.9
97%
1 Nikola Jokić 38.5
97%
6 Shai Gilgeous-Alexander 32.2
92%
4 Anthony Davis 33.5
87%
3 Giannis Antetokounmpo 36.4
87%
8 Kevin Durant 27.7
87%
9 Jayson Tatum 27.6
84%
14 Jalen Brunson 25.6
82%
10 Victor Wembanyama 27.1
82%
11 Devin Booker 26.7
68%
12 Tyrese Haliburton 26.1
68%
5 Domantas Sabonis 32.7
66%
15 Kawhi Leonard 25.6
66%
25 Damian Lillard 23.6
61%
21 De'Aaron Fox 23.9
61%
16 Kyrie Irving 25.6
58%
23 Tyrese Maxey 23.7
58%
24 Pascal Siakam 23.7
53%
20 Rudy Gobert 24.9
53%
13 Alperen Sengun 25.9
42%
17 Bam Adebayo 25.1
42%
22 Zion Williamson 23.9
42%
19 Scottie Barnes 24.9
39%
18 Jarrett Allen 25.0
34%
No matching quizzes found
Score Distribution
Percent of People with Each Score
Percentile by Number Answered
Your Score History
You have not taken this quiz